| 000 | 00650nam a2200205 a 4500 | ||
|---|---|---|---|
| 001 | 65511 | ||
| 003 | BD-RjUL | ||
| 005 | 20211209081432.0 | ||
| 008 | 170307s1965 pk 000 0 eng | ||
| 035 | _a(BD-RjUL)65641 | ||
| 040 |
_aDLC _cDLC _dBD-RjUL _beng |
||
| 041 | _aeng | ||
| 082 | 0 | 0 |
_a345.5491002632 _bCOD 1965 _223 |
| 245 | 1 | 4 |
_aThe Code of Criminal procedure 1898 : _bv of 1898 : (as modified up to the 31st january, 1965) / |
| 260 |
_aLahore : _bPakistan Legal Publications, _c1965 |
||
| 300 |
_a109 p. ; _c24 cm. |
||
| 650 | 0 |
_aCriminal procedure _zPakistan. _9141105 |
|
| 710 |
_aPakistan Laws, statutes, etc. _9193859 |
||
| 942 |
_2ddc _cBK |
||
| 999 |
_c65511 _d65511 |
||